000 00464nam a2200181Ia 4500
005 20250423101029.0
008 250422s9999 xx 000 0 und d
020 _a9789350140659
050 _aTA 642 .U63/
100 _aUpadhyay, A. K.
245 0 _aStructural mechanics
260 _aNew Delhi
260 _bS. K. Kataria & Son
260 _c2014
300 _a346 p
650 _a Structural analysis (Engineering)--Matrix methods.
942 _cBK
999 _c35069
_d35069